00533nam a22001697a 4500010001500000020003100015035001400046037001300060082001300073100001300086245004600099260004000145270012800185300002200313500002200335760000600357 aENG-126194 a978-93-8472-688-1c1495.00 aEN-109726 bDBAD/PUB a581.6105 aVerma,V. aTextbook Of Economic Botany/cby V. Verma aNew DelhibAne Books Pvt.Ltd.c2017 a4821,Parwana Bhawan 1st Floor 24 Ansari Road, Darya GanjbNew Delhi e110002k+91(011)23276843,2814209manebookschennai.com avi335p.b24cm(hb) aits include index b2